The Blair handbook / (Record no. 1782)

MARC details
000 -LEADER
fixed length control field 00787cam a2200241 4500
001 - CONTROL NUMBER
control field 2246
005 - DATE AND TIME OF LATEST TRANSACTION
control field 20181127164820.0
008 - FIXED-LENGTH DATA ELEMENTS--GENERAL INFORMATION
fixed length control field 960701s1997 njua f 001 0 eng
010 ## - LIBRARY OF CONGRESS CONTROL NUMBER
LC control number 96030383
020 ## - INTERNATIONAL STANDARD BOOK NUMBER
International Standard Book Number 0135721733 (pbk.)
International Standard Book Number 0135721814
International Standard Book Number 0135721997 (annotated instructor's ed.)
100 1# - MAIN ENTRY--PERSONAL NAME
Personal name Fulwiler, Toby,
Dates associated with a name 1942-
245 14 - TITLE STATEMENT
Title The Blair handbook /
Statement of responsibility, etc. Toby Fulwiler, Alan R. Hayakawa.
250 ## - EDITION STATEMENT
Edition statement 2nd ed.
260 ## - PUBLICATION, DISTRIBUTION, ETC.
Place of publication, distribution, etc. Upper Saddle River, N.J. :
Name of publisher, distributor, etc. Prentice Hall,
Date of publication, distribution, etc. c1997.
300 ## - PHYSICAL DESCRIPTION
Extent xxx, 943 p. :
Other physical details ill. ;
Dimensions 22 cm.
500 ## - GENERAL NOTE
General note ""A Blair Press book.""
General note Includes indexes.
650 #0 - SUBJECT ADDED ENTRY--TOPICAL TERM
Topical term or geographic name entry element English language
General subdivision Grammar
-- Handbooks, manuals, etc.
Topical term or geographic name entry element English language
General subdivision Rhetoric
-- Handbooks, manuals, etc.
700 1# - ADDED ENTRY--PERSONAL NAME
Personal name Hayakawa, Alan R.
Holdings
Withdrawn status Lost status Source of classification or shelving scheme Damaged status Not for loan Collection code Home library Current library Shelving location Serial Enumeration / chronology Inventory number Total Checkouts Full call number Barcode Date last seen Price effective from Koha item type
    Dewey Decimal Classification     Main TEST RTC Library RTC Library Main opac 1284   808.04 BLA 30001052 27/11/2018 27/11/2018 Main
Royal Thimphu College || All Right Reserved